[Event "Titled Tuesday intern op 31st Jan Early"]
[Site "Chess.com INT"]
[Date "2023.01.31"]
[Round "1"]
[White "Czernek, Tymon"]
[Black "Lobachev, Yury"]
[Result "1-0"]
[WhiteElo "2325"]
[BlackElo "2345"]
[PlyCount "63"]
[EventDate "2023.01.31"]
[EventType "swiss (blitz)"]
[EventRounds "11"]
[EventCountry "USA"]
[SourceTitle "CBM 212 Extra"]
[Source "ChessBase"]
[SourceDate "2023.03.31"]
[SourceVersion "1"]
[SourceVersionDate "2023.03.31"]
[SourceQuality "1"]

1. e4 c5 2. Nf3 e6 3. d4 cxd4 4. Nxd4 a6 5. Bd3 Qc7 6. 0-0 Nf6 7. c4 Be7 8. Nc3 0-0 9. Kh1 Nc6 10. Nxc6 dxc6 11. f4 e5 12. f5 b5 13. Qf3 b4 14. Ne2 Nd7 15. g4 f6 16. h4 Nc5 17. Bc2 a5 18. g5 Ba6 19. b3 a4 20. Ng3 axb3 21. axb3 Bb7 22. Be3 Rxa1 23. Rxa1 Ra8 24. Rxa8+ Bxa8 25. Nh5 Nd7 26. Qg2 Kh8 27. Bd1 Qd6 28. Bf3 Qd3 29. Bf2 Qxb3 30. Nxg7 Kxg7 31. gxf6+ Kxf6 32. Bh5 1-0

[Event "Titled Tuesday intern op 31st Jan Early"]
[Site "Chess.com INT"]
[Date "2023.01.31"]
[Round "7"]
[White "Lobachev, Yury"]
[Black "Fernandez Garcia, Gumersindo"]
[Result "1-0"]
[WhiteElo "2345"]
[BlackElo "2172"]
[PlyCount "81"]
[EventDate "2023.01.31"]
[EventType "swiss (blitz)"]
[EventRounds "11"]
[EventCountry "USA"]
[SourceTitle "CBM 212 Extra"]
[Source "ChessBase"]
[SourceDate "2023.03.31"]
[SourceVersion "1"]
[SourceVersionDate "2023.03.31"]
[SourceQuality "1"]

1. c4 e5 2. Nc3 Nf6 3. g3 c6 4. Bg2 d5 5. cxd5 cxd5 6. d4 e4 7. Bg5 Nbd7 8. e3 h6 9. Bxf6 Nxf6 10. Nge2 Bd6 11. 0-0 0-0 12. Qb3 Bb8 13. Rac1 b6 14. Nf4 Bxf4 15. exf4 Bb7 16. Nd1 Rc8 17. Ne3 Qd7 18. h4 Rxc1 19. Rxc1 Rc8 20. Rc3 Rxc3 21. bxc3 Ba6 22. Kh2 Qc6 23. Nf5 Qc7 24. Qa3 Bd3 25. Bh3 Kh7 26. Qf8 Nh5 27. Bg4 e3 28. fxe3 Bxf5 29. Bxf5+ g6 30. Bg4 Ng7 31. Qb4 h5 32. Bh3 a5 33. Qb3 Qe7 34. Qxd5 Qxe3 35. Qxf7 Qd2+ 36. Bg2 Qxc3 37. Bd5 Qd2+ 38. Kh3 Kh6 39. Qg8 g5 40. fxg5+ Kg6 41. Be4# 1-0

[Event "Titled Tuesday intern op 24th May Early"]
[Site "Chess.com INT"]
[Date "2022.05.24"]
[Round "1"]
[White "Lobachev, Yury"]
[Black "Ezat, Mohamed Mahmoud"]
[Result "0-1"]
[WhiteElo "2345"]
[BlackElo "2391"]
[PlyCount "108"]
[EventDate "2022.05.24"]
[EventType "swiss (blitz)"]
[EventRounds "11"]
[EventCountry "USA"]
[SourceTitle "EXT 2023"]
[Source "ChessBase"]
[SourceDate "2022.10.05"]
[SourceVersion "1"]
[SourceVersionDate "2022.10.05"]
[SourceQuality "1"]

1. c4 Nf6 2. Nc3 g6 3. g3 Bg7 4. Bg2 0-0 5. Nf3 c5 6. 0-0 d5 7. cxd5 Nxd5 8. Nxd5 Qxd5 9. d3 Nc6 10. a3 b6 11. Qc2 Bb7 12. Be3 Rac8 13. Rac1 e5 14. Ng5 Qxg2+ 15. Kxg2 Nd4+ 16. Kg1 Nxc2 17. Rxc2 h6 18. Ne4 Rfd8 19. f3 f5 20. Nd2 g5 21. Bf2 h5 22. Rfc1 Kf7 23. b4 cxb4 24. axb4 Rxc2 25. Rxc2 Rd7 26. b5 Bf8 27. Nc4 Ke6 28. Nd2 Bd6 29. Kf1 Rc7 30. Rxc7 Bxc7 31. Nc4 Bc8 32. Be3 f4 33. gxf4 gxf4 34. Bc1 Bd7 35. Na3 Kd5 36. Ke1 Kc5 37. Kd2 Bxb5 38. Bb2 a6 39. Nc2 Kd5 40. Nb4+ Ke6 41. Nc2 a5 42. d4 Bc4 43. dxe5 Bxe5 44. Ba3 b5 45. Bc1 b4 46. Ne1 Bc3+ 47. Kd1 Bb3+ 48. Nc2 a4 49. Bd2 Bxc2+ 50. Kxc2 Bxd2 51. Kxd2 a3 52. Kc2 Kd5 53. Kb3 Kd4 54. h4 Ke3 0-1

[Event "Titled Tuesday intern op 12th Apr Early"]
[Site "Chess.com INT"]
[Date "2022.04.12"]
[Round "1"]
[White "Lobachev, Yury"]
[Black "Omelja, Artem"]
[Result "0-1"]
[WhiteElo "2345"]
[BlackElo "2515"]
[PlyCount "60"]
[EventDate "2022.04.12"]
[EventType "swiss (blitz)"]
[EventRounds "11"]
[EventCountry "USA"]
[SourceTitle "CBM 207 Extra"]
[Source "ChessBase"]
[SourceDate "2022.05.31"]
[SourceVersion "1"]
[SourceVersionDate "2022.05.31"]
[SourceQuality "1"]

1. c4 c6 2. Nc3 d5 3. cxd5 cxd5 4. d4 Nf6 5. g3 Nc6 6. Bg2 e6 7. Nf3 Be7 8. 0-0 0-0 9. Bg5 h6 10. Bxf6 Bxf6 11. e3 a6 12. a3 b5 13. b4 Bb7 14. Rc1 Qb6 15. Nd2 a5 16. bxa5 Rxa5 17. Nb3 Rxa3 18. Nc5 Rfa8 19. Ne2 Be7 20. Nf4 Bxc5 21. Rxc5 b4 22. Re1 b3 23. Bf1 b2 24. Rb5 Qxb5 25. Bxb5 Ra1 26. Nd3 Rxd1 27. Rxd1 Ra2 28. Kg2 Na5 29. Rb1 Nc4 30. Bxc4 dxc4+ 0-1